| 000 | 00596nam a2200193Ia 4500 | ||
|---|---|---|---|
| 005 | 20250507130249.0 | ||
| 008 | 008 250505s9999 xx 000 0 eng d | ||
| 037 | _aSeries Article | ||
| 040 |
_aEASL _beng _cEASL |
||
| 041 |
_aeng _2eng |
||
| 084 | _qEASL | ||
| 100 |
_aAng Yuen Yuen _9669156 |
||
| 245 | 0 | _aCounting cadres: A comparative view of the size of China's public employment | |
| 260 |
_aUK _bLondon Cambridge Univesity Press UK _c2012 |
||
| 300 | _a676-696p. | ||
| 650 |
_aChinese History; Employment - China _9755048 |
||
| 942 | _cSRA | ||
| 999 |
_c1318642 _d1318642 |
||